| 000 | 00731mam a2200265 a 4500 | ||
|---|---|---|---|
| 008 | |||
| 020 | _a0671792806 (pbk.) | ||
| 049 | _aMAIN | ||
| 090 |
_aBF637.S8 _bCOV |
||
| 100 | 1 | _aCovey, Stephen R. | |
| 245 | 1 | 0 |
_aPrinciple-centered leadership / _cStephen R. Covey. |
| 260 |
_aNew York : _bSimon & Schuster, _c1992. |
||
| 300 |
_a334 p. : _bill. ; _c22 cm. |
||
| 500 | _aIncludes index. | ||
| 650 | 0 |
_aSuccess _xPsychological aspects. |
|
| 650 | 0 | _aLeadership. | |
| 650 | 2 | _aAchievement. | |
| 650 | 2 | _aCommerce. | |
| 650 | 2 | _aLeadership. | |
| 907 |
_a.b10226898 _b12-11-14 _c25-01-07 |
||
| 003 | |||
| 005 | 20230123134341.0 | ||
| 040 | _cNUST | ||
| 942 |
_cBOOKS _kBF637.S8 _mCOV |
||
| 999 |
_c164394 _d164394 |
||